Наставление для обучения стрельбе из винтовок и револьверов на берегу в морских командах. Ч. 2: Описание винтовки и револьвера (Запись № 4208600)

Подробности
000 -МАРКЕР
контрольное поле 01839nam2a22002891 4500
001 - ИДЕНТИФИКАТОР ЗАПИСИ
контрольное поле v19\rc\1585958
005 - ИДЕНТИФИКАТОР ВЕРСИИ
контрольное поле 20250618212910.0
035 ## - ДРУГИЕ СИСТЕМНЫЕ НОМЕРА
Идентификатор записи (NLR Aleph) 004711643
100 ## - ДАННЫЕ ОБЩЕЙ ОБРАБОТКИ
Данные общей обработки 20061002d1894 |||y0rusy50 ca
101 0# - ЯЗЫК РЕСУРСА
Язык текста, звукозаписи и т.д. русский
102 ## - СТРАНА ПУБЛИКАЦИИ ИЛИ ПРОИЗВОДСТВА
Страна публикации Российская Федерация
105 ## - ПОЛЕ КОДИРОВАННЫХ ДАННЫХ: ТЕКСТОВЫЕ МАТЕРИАЛЫ, МОНОГРАФИЧЕСКИЕ
Кодированные данные о монографическом текстовом документе a z |||||
200 1# - ЗАГЛАВИЕ И СВЕДЕНИЯ ОБ ОТВЕТСТВЕННОСТИ
Основное заглавие Описание винтовки и револьвера
210 ## - ПУБЛИКАЦИЯ, РАСПРОСТРАНЕНИЕ И ДР.
Дата издания, распространения и т.д. 1894
Место издания, распространения и т.д. Б. м.
215 ## - ФИЗИЧЕСКАЯ ХАРАКТЕРИСТИКА
Специфическое обозначение материала и объем [2], II, [5], 86 с., 1 л. ил.
Другие сведения о физической характеристике черт.
316 ## - ПРИМЕЧАНИЯ ОБ ОСОБЕННОСТЯХ ЭКЗЕМПЛЯРА
Текст примечания Экз. РНБ (18.238.8.14(2)): приплетено к: Наставление для обучения стрельбе из винтовок и револьверов на берегу в морских командах. Ч. 1. Спб., 1891
Организация и экземпляр, к которому относится поле NLR: 18.238.8.14(2)
461 #0 - УРОВЕНЬ НАБОРА
Встроенное поле 001v19\rc\1585956
-- 2001#$aНаставление для обучения стрельбе из винтовок и револьверов на берегу в морских командах$eЧ. 1$vЧ. 2
Системный номер (АБИС) связанной записи 4208579
Место публикации Санкт-Петербург
Дата публикации 1894
Имя издателя, распространителя и т.д. тип. Мор. м-ва
Сведения, относящиеся к заглавию Ч. 1
Заглавие Наставление для обучения стрельбе из винтовок и револьверов на берегу в морских командах
Номер тома Ч. 2
482 #0 - ПРИПЛЕТЕНО К
Встроенное поле 2001#$aНаставление для обучения стрельбе из винтовок и револьверов на берегу в морских командах$eЧ. 1
-- 210##$aСанкт-Петербург$d1891
Заглавие Наставление для обучения стрельбе из винтовок и револьверов на берегу в морских командах
801 #0 - ИСТОЧНИК ЗАПИСИ
Страна Российская Федерация
Организация NLR
Правила каталогизации psbo
801 #0 - ИСТОЧНИК ЗАПИСИ
Страна Российская Федерация
Организация RuMoRGB
Источник данных psbo
801 #1 - ИСТОЧНИК ЗАПИСИ
Страна Российская Федерация
Организация ProSoft-M
Источник данных rusmarc
852 ## - МЕСТОНАХОЖДЕНИЕ И ШИФР ХРАНЕНИЯ
Идентификатор организации NLR
Шифр хранения (Call Number) 18.238.8.14(2)
899 ## - ДАННЫЕ О МЕСТОНАХОЖДЕНИИ (устаревшее)
Местонахождение RuMoRGB
Шифр хранения A 227/678
899 ## - ДАННЫЕ О МЕСТОНАХОЖДЕНИИ (устаревшее)
Местонахождение БАН
942 ## - ДОПОЛНИТЕЛЬНЫЕ ЭЛЕМЕНТЫ ЗАПИСИ (АБИС)
Тип экземпляра АБИС Книга
980 ## - КОЛЛЕКЦИЯ
Название коллекции Национальная библиография
Экземпляры
Тип экземпляра Дата поступления Библиотека постоянного хранения Библиотека текущего хранения Место хранения Шифр хранения Штрих-код Статус экземпляра
Книга 26.10.2013 РНБ (Московский) РНБ (Московский) Неопределен, для заказа не доступен, в ЭК виден   4711643-30  
Книга 26.10.2013 РНБ (Садовая) РНБ (Садовая) Русский книжный фонд -Главное здание, Ленинский читальный зал 18.238.8.14(2) 4711643-10